| 000 | 00876nam a2200265 a 4500 | ||
|---|---|---|---|
| 001 | |||
| 003 | OSt | ||
| 005 | 20250307073711.0 | ||
| 008 | 091127s2020 dr c r 000 1 spa d | ||
| 020 | _a9789945220513 | ||
| 040 |
_aDO-SdBNP _bspa _cBNPHU |
||
| 082 |
_aRD861.44 _bH626u _222 |
||
| 100 |
_aHiciano, Eudaldo Antonio _919061 |
||
| 245 | 0 | 1 |
_aUna vida de luz : _bhomenaje póstumo al profesor Juan Bosch / |
| 260 |
_aSanto Domingo : _bDragón Editorial, _c2020 _f |
||
| 300 |
_a75 p. ; _c23 cm. |
||
| 500 | _aIncluye datos biográficos del autor en la solapa de la cubierta | ||
| 590 | _aInventariado,2020/VM | ||
| 600 | 1 | 0 |
_aHenríquez Ureña, Pedro, _d1884-1946 _91718 |
| 650 | 0 |
_aEnsayos dominicanos _965 |
|
| 650 | 1 | 0 |
_aLiteratura dominicana. _967 |
| 650 | 1 | 4 |
_aLiteratura dominicana _xCrítica e interpretación _9216 |
| 910 | _aVMateo | ||
| 942 |
_2ddc _cLBS1 |
||
| 999 |
_c49056 _d49056 |
||